The problem of South Africa /

Bibliographic Details
Main Author: Tingsten, Herbert, 1896-1973
Format: Book
Language:English
Swedish
Published: London : Gollancz, 1955.
Subjects:

MARC

Tag First Indicator Second Indicator Subfields
LEADER 00000cam a2200000 4500
001 in00000064649
005 20151007083358.0
008 770801s1955 enka 00000 engm
010 |a  55038904  
035 |a (OCoLC)03151182 
035 |9 AAF9276AM 
040 |a DLC  |c ABC  |d ABC  |d TXA  |d UtOrBLW 
041 1 |a eng  |a swe 
049 |a TXAM  |c [257842] 
050 0 0 |a DT779.7  |b .T57 1955 
092 |a 323.168  |b T588p 
100 1 |a Tingsten, Herbert,  |d 1896-1973. 
245 1 4 |a The problem of South Africa /  |c translated from the Swedish by Daniel Viklund. 
264 1 |a London :  |b Gollancz,  |c 1955. 
300 |a 159 pages :  |b illustrations ;  |c 23 cm. 
336 |a text  |b txt  |2 rdacontent 
337 |a unmediated  |b n  |2 rdamedia 
338 |a volume  |b nc  |2 rdacarrier 
651 0 |a South Africa  |x Politics and government. 
651 0 |a South Africa  |x Race relations. 
999 |a MARS 
999 f f |s aa189eab-c51e-3de1-b95e-1fc45bcc1fec  |i 88b561f6-1f7b-3b7b-a5f6-e8f483ad0620  |t 0 
952 f f |p ric  |a Texas A&M University  |b Rellis Campus  |c Joint Library Facility  |d Remote Storage  |t 0  |e DT779.7 .T57 1955  |h Library of Congress classification  |i unmediated -- volume  |m A14800664102 
998 f f |a DT779.7 .T57 1955  |t 0  |l Remote Storage